书目信息 |
| 题名: |
中华泥塑绝艺
|
|
| 作者: | 矫友田 著 | |
| 分册: | ||
| 出版信息: | 济南 济南出版社 2016 |
|
| 页数: | 213页 | |
| 开本: | 23cm | |
| 丛书名: | 图说中华传统绝艺丛书 | |
| 单 册: | ||
| 中图分类: | J314.7 | |
| 科图分类: | ||
| 主题词: | 泥塑--民间工艺--中国 | |
| 电子资源: | ||
| ISBN: | 978-7-5488-2185-4 | |
| 000 | 00847oam2 2200265 450 | |
| 001 | 0113012935 | |
| 005 | 20161213012935.0 | |
| 010 | @a978-7-5488-2185-4@b@dCNY49.00 | |
| 100 | @a20161213d2016 em y0chiy50 ea | |
| 101 | 0 | @achi |
| 102 | @aCN@b370000 | |
| 105 | @aa z 000yy | |
| 106 | @ar | |
| 200 | 1 | @a中华泥塑绝艺@9zhong hua ni su jue yi@f矫友田著@g |
| 210 | @a济南@c济南出版社@d2016 | |
| 215 | @a213页@c彩图@d23cm | |
| 225 | 1 | @a图说中华传统绝艺丛书 |
| 330 | @a本书共十一章,包括:聆听泥土的古老气息、古老泥塑的吉祥风韵、捏出一片绚丽的天空、名扬天下的天津泥人张、精美绝伦的惠山泥塑等。 | |
| 461 | 0 | @12001 @a图说中华传统绝艺丛书 |
| 606 | 0 | @a泥塑@x民间工艺@y中国 |
| 690 | @aJ314.7@v5 | |
| 701 | 0 | @a矫友田@9jiao you tian@f(1973-)@4著 |
| 801 | 0 | @aCN@b91MARC@c20161213@g |
| 905 | @aBZT@dJ314.7@e1 | |
| 906 | @dCNY49.00@n3@r1 | |
| 中华泥塑绝艺/矫友田著.-济南:济南出版社,2016 |
| 213页:彩图;23cm.-(图说中华传统绝艺丛书) |
| ISBN 978-7-5488-2185-4:CNY49.00 |
| 本书共十一章,包括:聆听泥土的古老气息、古老泥塑的吉祥风韵、捏出一片绚丽的天空、名扬天下的天津泥人张、精美绝伦的惠山泥塑等。 |
| ● |
| 相关链接 |
|
|
|
正题名:中华泥塑绝艺
索取号:J314.7/1
 
预约/预借
| 序号 | 登录号 | 条形码 | 馆藏地/架位号 | 状态 | 备注 |
| 1 | 832502 | 2000832502 | 第二书库/ [索取号:J314.7/1] | 在馆 | |
| 2 | 832503 | 2000832503 | 第二书库/ [索取号:J314.7/1] |
已借出,限还日期为2026.04.23 借出人:孟静 |
|
| 3 | 832504 | 2000832504 | 第二书库/ [索取号:J314.7/1] | 在馆 |